000 00659nam a22001817a 4500
005 20251108164900.0
008 250721s1977 xx 000 0 ara d
082 1 4 _a962.02/طار
100 1 _aالبشرى، طارق
245 1 0 _aسعد زغلول يفاوض الإستعمار :
_bدراسة في المفاوضات المصرية البريطانية 1920-1924 /
264 1 _aالقاهرة :
_bالهيئة المصرية العامة للكتاب،
_c1977.
300 _a255ص
650 1 7 _aتاريخ مصر
650 1 7 _aالتاريخ السياسي
650 1 7 _aالإستعمار البريطاني
942 _2ddc
_cBK
999 _c16610
_d16610